Language Quiz

Random Language or German Quiz
Score 0/72 Timer 12:00
8 Plays Today
% Correct
Oktober
74.1%
Agosto

Agosto
72.4%
Marzo

Marzo
71%
Freitag
70.4%
Février
70.1%
Montag
69.9%
November
69.7%
März
69.7%
Novembre         Novembre
68.8%
August
68.6%
September
68.5%
Febbraio
68%
Dezember
67.8%
Juillet
67.5%
Mayo
67.5%
Janvier
67.3%
Samstag
67.3%
Mai

Mai
67.2%
Avril
66.1%
Sonntag
66%
Febrero
65.7%
April
65.1%
Août
65%
Noviembre
64.9%
Décembre
64.8%
Sábado
64.4%
Juin
64.2%
Mittwoch
64.1%
Mercredi
63.5%
Domingo
63.3%
Lundi
63.2%
Lunes
63.1%
Septiembre
62.8%
Miércoles
62.6%
Abril
62%
Samedi
61.9%
% Correct
Settembre
61.6%
Mercoledì
60.8%
Ottobre
60.6%
Julio
60.5%
Septembre
60.3%
Dimanche
60%
Mardi
59.9%
Februar
59.8%
Diciembre
59.6%
Mars
59.5%
Enero
59%
Januar
58.9%
Octubre
58.3%
Octobre
58.2%
Viernes
58.1%
Domenica
57.7%
Aprile
57.7%
Junio
57.4%
Lunedì
57.4%
Giugno
57.3%
Vendredi
57%
Venerdì
56.7%
Maggio
55.8%
Dicembre
55%
Sabato
54.9%
Martes
54.2%
Jeudi
53.6%
Jueves
52.2%
Giovedì
51.8%
Martedì
51.7%
Gennaio
49.1%
Donnerstag
48.1%
Dienstag
47.9%
Luglio
47.3%
Juli
43%
Juni
42.5%
Remove Ads.
Support Sporcle.
Get the best of Sporcle when you Go Orange. This ad-free experience offers more features, more stats, and more fun while also helping to support Sporcle. Thank you for becoming a member.

You're not logged in!

Compare scores with friends on all Sporcle quizzes.
OR
Log In

Show Comments

Extras

Top Quizzes Today


Score Distribution

Your Account Isn't Verified!

In order to create a playlist on Sporcle, you need to verify the email address you used during registration. Go to your Sporcle Settings to finish the process.

Report this User

Report this user for behavior that violates our Community Guidelines.

Details: